Immigrants by Country-Europe - Statistics

General Stats
  • This quiz has been taken 95 times
  • The average score is 11 of 13
Answer Stats
Hint Answer % Correct
Bulgaria (31,670 immigrants) Russia
87%
Denmark (64,170 immigrants) Turkey
86%
Czech Republic (120,500 immigrants) Ukraine/Vietnam
86%
France (853,460 immigrants) Algeria/Morocco
84%
Portugal (183,990 immigrants) Brazil
84%
United Kingdom (847,000 immigrants) India
83%
Germany (2nd: 870,990 immigrants) Poland
83%
Lithuania (16,920 immigrants) Ukraine
83%
Sweden (196,070 immigrants) Syria
82%
Hungary (207,080 immigrants) Romania
79%
Albania (28,100 immigrants) Greece
75%
Romania (302,000 immigrants) Moldova
73%
Netherlands (2nd: 408,860 immigrants) Morocco
71%
No matching quizzes found
Score Distribution
Percent of People with Each Score
Percentile by Number Answered
Your Score History
You have not taken this quiz